[Event "Nabereznye Chelny"]
[Site "Nabereznye Chelny"]
[Date "2007.03.13"]
[Round "11"]
[White "Murzin, Lenar"]
[Black "Zakirov, Rustem"]
[Result "1/2-1/2"]
[WhiteElo "2205"]
[BlackElo "2279"]
[PlyCount "73"]
[EventDate "2007.02.17"]
[EventType "tourn"]
[EventRounds "11"]
[EventCountry "RUS"]
[SourceTitle "EXT 2010"]
[Source "ChessBase"]
[SourceDate "2010.11.25"]
[SourceVersion "1"]
[SourceVersionDate "2010.11.25"]
[SourceQuality "1"]

1. d4 Nf6 2. c4 g6 3. Nc3 Bg7 4. e4 d6 5. Be2 0-0 6. Nf3 Bg4 7. Be3 Nbd7 8. Ng1 Bxe2 9. Ngxe2 c5 10. 0-0 cxd4 11. Nxd4 a6 12. Qe2 Rc8 13. Rac1 Nc5 14. f3 Ne6 15. Rfd1 Qa5 16. Nb3 Qb4 17. Nd5 Nxd5 18. cxd5 Nd4 19. Nxd4 Bxd4 20. b3 Bxe3+ 21. Qxe3 Qa3 22. Qd2 a5 23. Rc2 Rc5 24. Rdc1 Rfc8 25. Rxc5 Rxc5 26. Rxc5 Qxc5+ 27. Kf1 h5 28. h4 Kg7 29. Ke2 e5 30. Qe3 Qa3 31. Qd2 a4 32. Qc2 b5 33. Kd3 axb3 34. axb3 Kf6 35. Qc3 Qa2 36. Qc2 Qa3 37. Qc3 1/2-1/2

[Event "Nabereznye Chelny"]
[Site "Nabereznye Chelny"]
[Date "2007.02.25"]
[Round "4"]
[White "Zakirov, Rustem"]
[Black "Mironov, Vyacheslav"]
[Result "1-0"]
[WhiteElo "2279"]
[BlackElo "2025"]
[PlyCount "115"]
[EventDate "2007.02.17"]
[EventType "tourn"]
[EventRounds "11"]
[EventCountry "RUS"]
[SourceTitle "EXT 2010"]
[Source "ChessBase"]
[SourceDate "2010.11.25"]
[SourceVersion "1"]
[SourceVersionDate "2010.11.25"]
[SourceQuality "1"]

1. c4 e5 2. Nc3 d6 3. Nf3 g6 4. g3 Bg7 5. Bg2 Ne7 6. d4 Nd7 7. dxe5 dxe5 8. 0-0 0-0 9. Bg5 c6 10. Bxe7 Qxe7 11. Ne4 f5 12. Qd6 Qe8 13. Nc3 Rf6 14. Qa3 Bf8 15. b4 a5 16. c5 Kh8 17. Nd2 Ra6 18. Nb3 axb4 19. Qxb4 b6 20. Qh4 bxc5 21. Na4 Rd6 22. Naxc5 Nxc5 23. Nxc5 Rd4 24. Qf6+ Bg7 25. Qg5 h6 26. Qc1 Ra8 27. a4 Ba6 28. Nxa6 Rxa6 29. e3 Rb4 30. Ra2 e4 31. Qc2 Qa8 32. Rc1 Raxa4 33. Rxa4 Rxa4 34. Qxc6 Qxc6 35. Rxc6 Kh7 36. Bf1 Ra5 37. Bc4 Ra7 38. h4 h5 39. Ba6 Rf7 40. Bc8 Kh6 41. Kf1 Rf6 42. Be6 Bh8 43. Ke2 Bg7 44. Kd2 Rf8 45. Kc2 Kh7 46. Rb6 Kh6 47. Kb3 Kh7 48. Kc4 Kh6 49. Ra6 Kh7 50. Kc5 Kh6 51. Kd6 Rf6 52. Ke7 Kh7 53. Bg8+ Kxg8 54. Rxf6 Bxf6+ 55. Kxf6 Kh7 56. Kf7 Kh6 57. Kg8 g5 58. hxg5+ 1-0

[Event "Belyaev Memorial 06th"]
[Site "Vizantia"]
[Date "2006.06.29"]
[Round "1"]
[White "Zakirov, Rustem"]
[Black "Talipov, Nafis"]
[Result "1-0"]
[WhiteElo "2285"]
[BlackElo "1966"]
[PlyCount "65"]
[EventDate "2006.06.29"]
[EventType "swiss"]
[EventRounds "11"]
[EventCountry "RUS"]
[SourceTitle "EXT 2008"]
[Source "ChessBase"]
[SourceDate "2007.11.25"]
[SourceVersion "1"]
[SourceVersionDate "2007.11.25"]
[SourceQuality "1"]

1. c4 e6 2. Nc3 f5 3. Nf3 Nf6 4. g3 c6 5. Bg2 Be7 6. 0-0 0-0 7. d4 d5 8. cxd5 exd5 9. Bg5 Be6 10. Bxf6 Bxf6 11. Rc1 Qd6 12. Qd2 Nd7 13. Qf4 Be7 14. Qxd6 Bxd6 15. e3 Bf7 16. Ne2 Bh5 17. Nf4 Bxf3 18. Bxf3 Bxf4 19. gxf4 Nf6 20. Kh1 Kf7 21. Rg1 Ne4 22. Bxe4 dxe4 23. Rc5 Kg8 24. Rg5 g6 25. Rg1 Rfd8 26. Rxf5 Re8 27. h4 Re6 28. h5 Kg7 29. Rfg5 Kf7 30. f5 gxf5 31. Rg7+ Kf6 32. Rxh7 f4 33. Rg6+ 1-0